000
00240nam a2200097Ia 4500
001
640845
005
20250826153455.0
008
250824s9999 xx 000 0 und d
245
0
_a
BİR AVUÇ ATEŞ
_c
HASAN NAİL CANAT
260
_b
GENÇ TİMAŞ
999
_c
640845
_d
640845